Cadernos de processo do trabalho n. 32

Detalles Bibliográficos
Autor principal: Teixeira Filho, Manoel Antonio
Formato: eBook
Lenguaje:portugués
Publicado: Brasil: LTR, 2019
Materias:
Acceso en línea:Acceso restringido

MARC

LEADER 00000nam a22000007a 4500
005 20220405002859.0
007 cr|||| ||||
008 220405s2019 br |||||s|||| 00||0 por d
020 |a 978-85-301-0146-6 
035 |a 36017 
040 |a vLex 
090 |c 13111  |d 13111 
100 1 |a Teixeira Filho, Manoel Antonio 
245 1 0 |a Cadernos de processo do trabalho n. 32  |h [Recurso electrn̤ico] /  |c Manoel Antonio Teixeira Filho 
256 |a Servicio en ln̕ea 
260 |a Brasil:  |b LTR,  |c 2019 
300 |a 1 recurso electrn̤ico 
500 |a Os Cadernos de Processo do Trabalho compe̳m uma excelente coleȯ̂ elaborada pelo Prof. Manoel Antonio Teixeira Filho, um dos mais destacados juristas do Pas̕. Os temas selecionados sô de grande interesse prt̀ico para magistrados, advogados, membros do Ministřio Pb︢lico, professores e acadm̊icos de Direito. A exposiȯ̂ ̌feita de maneira didt̀ica, sem prejuz̕o do aprofundamento do conted︢o. 
506 1 |a Disponible solo en los productos indicados  |d vLex Global  |d vLex Global (Academic Edition, excluding Law Schools)  |d vLex Global (U.S. Academic Edition, Law Schools)  |d vLex Global (U.S. Academic Edition, excluding Law Schools)  |d vLex Global (Academic Edition, Law Schools) 
650 0 4 |a Procedimiento Laboral  |z Brasil 
740 0 |a vLex Libros (Servicio en ln̕ea) 
856 4 0 |u https://app.vlex.com/#/sources/36017  |z Acceso restringido 
942 |c BOOK 
999 0 |a Labor Procedure